000 01029cam7a220026500 4500
001 qcf00045670
005 20190830105455.0
008 781103c19581943gw 000 0 ger d
035 _a(Sirsi) r26405
035 _a(QCAT)lss02131193
035 _a(UPRA)qcf00045670
040 _dUPRA
100 1 _aBusch, Wilhelm, 1832-1908.
_dBusch, Wilhelm, 1832-1908.
_6A90120.1
245 1 0 _aGesamtausgabe /
_cWilhelm Busch ; hrsg. von Otto Noldeke.
250 _a4. Aufl.
260 _aMunchen :
_bBraun & Schneider,
_c1958, c1943.
700 1 _aNoldeke, Otto, b. 1867.
_dNoldeke, Otto, b. 1867.
_6A90121.1
949 _aPT2603.U8
_vVOL. 1
_wlcc
_i-27142
_mMAIN
_tBOOK
_lON-SHELF
949 _aPT2603.U8
_vVOL. 2
_wlcc
_i-27143
_mMAIN
_tBOOK
_lON-SHELF
949 _aPT2603.U8
_vVOL. 3
_wlcc
_i-27144
_mMAIN
_tBOOK
_lON-SHELF
949 _aPT2603.U8
_vVOL. 4
_wlcc
_i-27145
_mMAIN
_tBOOK
_lON-SHELF
949 _aPT2603.U8
_vVOL. 5
_wlcc
_i-27146
_mMAIN
_tBOOK
_lON-SHELF
949 _aPT2603.U8
_vVOL. 6
_wlcc
_i-27147
_mMAIN
_tBOOK
_lON-SHELF
004 26405
999 _c186892
_d186893